000
00471nam a2200145Ia 4500
008
090711s9999 xx 000 0 und d
082
_b
52193
100
_a
सोहोनी रमणलाल
245
_a
वाघाSाी पालखी
600
_a
सोहोनी रमणलाल
630
_a
वाघाSाी पालखी
700
_a
सोहोनी रमणलाल
730
_a
वाघाSाी पालखी
942
_c
BOOK
999
_c
322357
_d
322357